Vescovo e popolo : (Record n. 26092)

Dettagli MARC
000 -LEADER
fixed length control field 00866nam a2200241 i 4500
003 - CONTROL NUMBER IDENTIFIER
control field IT-RoINE
005 - DATE AND TIME OF LATEST TRANSACTION
control field 20201021063137.0
008 - FIXED-LENGTH DATA ELEMENTS--GENERAL INFORMATION
fixed length control field 970922s1977 it r 1 | ita d
040 ## - CATALOGING SOURCE
Original cataloging agency SpMaBN
Transcribing agency IT-RoINE
Modifying agency IT-RoINE
100 1# - MAIN ENTRY--PERSONAL NAME
9 (RLIN) 40512
Personal name Scipioni, Luigi I.,‏
Dates associated with a name 1927-‏
245 10 - TITLE STATEMENT
Title Vescovo e popolo :
Remainder of title l'esercizio dell'autorità nella chiesa primitiva (III secolo) /
Statement of responsibility, etc Luigi I. Scipioni.
260 ## - PUBLICATION, DISTRIBUTION, ETC. (IMPRINT)
Place of publication, distribution, etc Milano :
Name of publisher, distributor, etc Vita e pensiero,
Date of publication, distribution, etc 1977.
300 ## - PHYSICAL DESCRIPTION
Extent 224 p. ;
Dimensions 22 cm.
336 ## - CONTENT TYPE
Source rdacontent
Content type term text
337 ## - MEDIA TYPE
Source rdamedia
Media type term unmediated
338 ## - CARRIER TYPE
Source rdacarrier
Carrier type term volume
490 1# - SERIES STATEMENT
Series statement Scienze religiose ;
Volume number/sequential designation 3
504 ## - BIBLIOGRAPHY, ETC. NOTE
Bibliography, etc Bibliografía en notas.
650 #0 - SUBJECT ADDED ENTRY--TOPICAL TERM
9 (RLIN) 43128
Topical term or geographic name as entry element Iglesia
General subdivision Historia
Chronological subdivision ca. 30-600 (Iglesia primitiva)
General subdivision Fuentes
650 #4 - SUBJECT ADDED ENTRY--TOPICAL TERM
Topical term or geographic name as entry element Episcopado
Chronological subdivision Siglo 3o.
9 (RLIN) 51681
General subdivision Fuentes
830 #0 - SERIES ADDED ENTRY--UNIFORM TITLE
9 (RLIN) 51682
Uniform title Scienze religiose (Vita e pensiero)
Volume number/sequential designation 3
942 ## - ADDED ENTRY ELEMENTS (KOHA)
Item type Monografías
Dati di copia
Withdrawn status Lost status Damaged status Not for loan Home library Current library Date acquired Total Checkouts Full call number Barcode Date last seen Price effective from Koha item type
        Iglesia Nacional Española en Roma Iglesia Nacional Española en Roma 16/07/2018   HIS.ECL 208 51700 16/07/2018 16/07/2018 Monografías